000
00372nam a22001577a 4500
003
MPLRDC
005
20220104143223.0
008
210129b ||||| |||| 00| 0 eng d
082
_a
420 MTF-2
100
_a
不详
245
_a
秘术一千种
_c
260
_a
_b
满庭芳出版社
_c
1987
300
_b
平
650
_a
家事;家政总论
942
_c
BK
_o
420 MTF-2
999
_c
37779
_d
37769